| 000 | 01841nam2a2200265 4500 | ||
|---|---|---|---|
| 001 | rc\4369043 | ||
| 005 | 20260605141814.0 | ||
| 035 | _a(NLR Aleph) 008285614 | ||
| 090 |
_a8544013 _c8544013 |
||
| 100 | _a20130416d1962 km|y0rusy50 ba | ||
| 101 | 0 | _arus | |
| 102 | _aRU | ||
| 105 | _aab i 000yy | ||
| 200 | 1 |
_aБассейны морей Лаптевых, Восточно-Сибирского и Чукотского _hВып. 0–7 _iБассейны морей Лаптевых и Восточно-Сибирского до р. Колыма _f... Якутское управление гидрометеорологической службы _gпод редакцией А. И. Мосаловой, А. А. Афанасьева |
|
| 210 | _d1962 | ||
| 215 |
_a258, [2] с., [2] л. карт _cтабл. |
||
| 461 | 0 |
_1001RU\NLR\bibl\851887 _12001#$aГидрологический ежегодник, 1957 г.$e[результаты наблюдений]$fГлавное управление гидрометеорологической службы при Совете Министров СССР$gпод ред. Г. Н. Павловой$vТ. 8 _91418191 _cЛенинград [Санкт-Петербург] _d1960–1962 _fГлавное управление гидрометеорологической службы при Совете Министров СССР _nГИМИЗ _o[результаты наблюдений] _tГидрологический ежегодник, 1957 г. _vТ. 8 |
|
| 702 | 1 |
_aМосалова _bА. И. _4340 |
|
| 712 | 0 | 2 |
_4570 _aЯкутское управление гидрометеорологической службы _9432605 _3RU\NLR\AUTH\889968121 |
| 801 | 0 |
_aRU _bNLR _gpsbo |
|
| 801 | 1 |
_aRU _bELAR _2rusmarc |
|
| 852 |
_aNLR _j60-9/110 |
||
| 942 | _cBOOK | ||
| 980 | _aNB | ||